Teacher well-being : (Record no. 5622)

MARC details
000 -LEADER
fixed length control field 00599nam a22001697a 4500
003 - CONTROL NUMBER IDENTIFIER
control field OSt
005 - DATE AND TIME OF LATEST TRANSACTION
control field 20251106080536.0
008 - FIXED-LENGTH DATA ELEMENTS--GENERAL INFORMATION
fixed length control field 251106b |||||||| |||| 00| 0 eng d
020 ## - INTERNATIONAL STANDARD BOOK NUMBER
International Standard Book Number 0-415-33498
040 ## - CATALOGING SOURCE
Original cataloging agency DWCL-Main lib
Transcribing agency OC
082 ## - DEWEY DECIMAL CLASSIFICATION NUMBER
Classification number Circ. 371.1 H749 2005
100 ## - MAIN ENTRY--PERSONAL NAME
Personal name Holmes, E.
245 ## - TITLE STATEMENT
Title Teacher well-being :
Remainder of title looking after yourself and your career in the classroom
Statement of responsibility, etc. Holmes, Elizabeth
260 ## - PUBLICATION, DISTRIBUTION, ETC.
Place of publication, distribution, etc. London & New York :
Name of publisher, distributor, etc. Routledge falmer,
Date of publication, distribution, etc. c2005
300 ## - PHYSICAL DESCRIPTION
Extent vii, 209 pages :
Dimensions 23 cm.
942 ## - ADDED ENTRY ELEMENTS (KOHA)
Source of classification or shelving scheme Dewey Decimal Classification
Koha item type Book Circulation
Classification part Circ. 371.1 H749 2005
Call number prefix Circ.
Suppress in OPAC No
952 ## - LOCATION AND ITEM INFORMATION (KOHA)
--
Holdings
Withdrawn status Lost status Source of classification or shelving scheme Damaged status Not for loan Home library Current library Shelving location Date acquired Source of acquisition Total Checkouts Full call number Barcode Date last seen Copy number Price effective from Koha item type Uniform Resource Identifier
    Dewey Decimal Classification     College Library College Library Circulation 12/14/2005 Donation   Circ. 371.1 H749 2005 CL42566 11/06/2025 c1 11/06/2025 BK-CIRC